• 首页
  • 本馆介绍
  • 公告通知
  • 最新文献
  • 馆藏检索
  • 电子资源
  • 读者导购
  • 参考咨询
  • 我的图书馆
  • 登录
  • 详细信息显示
  • 放入我的书架
  • 预约/预借图书
  • 作者相关作品
  • 分类相关作品
  • 丛书相关作品
  • 出版社相关作品

书目信息

  • 表格格式
  • 工作单格式
  • 卡片格式
题名:
公民劳动权的法律保障
    
 
作者: 赵宝华 著
分册:  
出版信息: 北京   人民出版社  2013
页数: 241页
开本: 24cm
丛书名:
单 册:
中图分类: D922.504
科图分类:
主题词: 劳动法--Lao Dong Fa--研究--中国 , 劳动法--Lao Dong Fa
电子资源:
ISBN: 978-7-01-012121-5
000 01005nam0 22002531 450
001 351134
005 20161011151643.25
010    @a978-7-01-012121-5@dCNY42.00
100    @a20130719d2013 em y0chiy50 ea
101 0  @achi
102    @aCN@b110000
105    @ay z 000yy
106    @ar
200 1  @a公民劳动权的法律保障@AGong Min Lao Dong Quan De Fa Lv Bao Zhang@dThe legal protection of citizens' right of labor@f赵宝华著@zeng
210    @a北京@c人民出版社@d2013
215    @a241页@d24cm
330    @a本书阐述了公民劳动权的宪法保障和基本法律保障,进而在述及公民劳动权救济途径的基础上,着重对法律上的劳动权利保障机制进行了探讨,剖析当前公民劳动权利保障机制的弊端,提出并论证了对其进行改革完善的建议。
510 1  @aLegal protection of citizens' right of labor@zeng
606 0  @a劳动法@ALao Dong Fa@x研究@y中国
606 0  @a劳动法@ALao Dong Fa
690    @aD922.504@v5
701  0 @a赵宝华@AZhao Bao Hua@f(1965~)@4著
801  0 @aCN@bTANGWEI@c20160812
905    @b0893291-5@dD922.504@e1407@f5
    
    公民劳动权的法律保障=The legal protection of citizens' right of labor/赵宝华著.-北京:人民出版社,2013
    241页;24cm
    
    
    ISBN 978-7-01-012121-5:CNY42.00
    本书阐述了公民劳动权的宪法保障和基本法律保障,进而在述及公民劳动权救济途径的基础上,着重对法律上的劳动权利保障机制进行了探讨,剖析当前公民劳动权利保障机制的弊端,提出并论证了对其进行改革完善的建议。
●
相关链接 在E读中查询图书 在五车中查询图书 在当当中查询图书 在豆瓣中查询图书


正题名:公民劳动权的法律保障     索取号:D922.504/1407         预约/预借

序号 登录号 条形码 馆藏地/架位号 状态 备注
1 0893291   208932912   第一样本阅览室/ [索取号:D922.504/1407] 在馆    
2 0893292   208932921   第一借阅区/ [索取号:D922.504/1407] 在馆    
3 0893293   208932930   第一借阅区/ [索取号:D922.504/1407] 在馆    
4 0893294   208932949   密集书库-史法系/ [索取号:D922.504/1407] 在馆    
5 0893295   208932958   第一借阅区/ [索取号:D922.504/1407] 在馆    
唐山师范学院图书馆 欢迎您!
大连网信软件有限公司© 版权所有